| 000 | 00693cam a2200217 a 4500 | ||
|---|---|---|---|
| 001 | 3486324 | ||
| 005 | 20180202092500.0 | ||
| 008 | 940328s1995 nyua 001 0 eng | ||
| 010 | _a 94013576 | ||
| 020 | _a0673469433 | ||
| 040 |
_aDLC _cDLC _dDLC |
||
| 041 | _aeng | ||
| 080 | _a510 MAR | ||
| 082 | 0 | 0 |
_a510 MAR _220 |
| 100 | 1 | _a31 | |
| 101 | _aMAT | ||
| 245 | 1 | 0 |
_aMathematics with applications in the management, natural, and social sciences / _cMargaret L. Lial, Charles D. Miller. |
| 906 |
_a7 _bcbc _corignew _d1 _eocip _f19 _gy-gencatlg |
||
| 942 |
_2ddc _cBK |
||
| 999 |
_c41700 _d41700 |
||